Normal view
MARC view
- NEURAL NETWORKS-ARTIFICIAL NEURAL NETWORKS FOR MODELLING AND CONTROL
Entry Topical Term
001 - CONTROL NUMBER
- control field: 76807
003 - CONTROL NUMBER IDENTIFIER
- control field: NUST
005 - DATE AND TIME OF LATEST TRANSACTION
- control field: 20210628205722.0
008 - FIXED-LENGTH DATA ELEMENTS
- fixed length control field: 210628|| aca||aabn | a|a d
040 ## - CATALOGING SOURCE
- Original cataloging agency: NUST
- Transcribing agency: NUST
150 ## - HEADING--TOPICAL TERM
- Topical term or geographic name entry element: NEURAL NETWORKS-ARTIFICIAL NEURAL NETWORKS FOR MODELLING AND CONTROL
670 ## - SOURCE DATA FOUND
- Source citation: Work cat.: (NUST): Vandewalle, Joos P. L Suykens, Johan A. K De Moor, Bart L. R 76806, Artificial neural networks for modelling and control of non linear systems, 1996
